| 000 | 00841nam 2200217 4500 | ||
|---|---|---|---|
| 001 | 6058 | ||
| 090 | _a6058 | ||
| 100 | _a20190729k u||y0frey50 ba | ||
| 101 | _afre | ||
| 200 |
_a18.05.03 La question nucléaire... _bBrochure _eVotations fédérales du 18 mai 2003 _fSortons du nucléaire |
||
| 210 |
_aGenève _cSortir du nucléaire _d2003 |
||
| 215 |
_a15 p. _d30 cm. |
||
| 606 |
_96567 _aInitiative fédérale Moratoire-plus - Pour la prolongation du moratoire dans la construction de centrales nucléaires et la limitation du risque nucléaire (18.05.2003) |
||
| 606 |
_9648 _aNucléaire (Energie) |
||
| 607 |
_9414 _aSuisse |
||
| 701 |
_96958 _aPaul Bonny |
||
| 701 |
_96959 _aIsabelle Chevalley |
||
| 701 |
_96960 _aPhilippe de Rougemont |
||
| 701 |
_96961 _aChristian van Singer |
||
| 710 |
_91449 _aSortir du nucléaire |
||
| 801 |
_aCH _bCH-002049-8 |
||